000 00568nam a2200229Ia 4500
003 OSt
005 20221006151642.0
006 a|||||r|||| 00| 0
007 ta
008 221006b |||||||| |||| 00| 0 eng d
020 _cP10.95
024 _a22,908
037 _cTextual
040 _aEASL
_cEASL
_beng
041 _2eng
_aeng
100 _aDOMES Jurgen Ed.
_9109762
245 0 _aChinese politics after Mao
260 _an
_bUniversity College
_c1979
300 _a291p.
_ccm.
942 _cTEXL
_2CC
999 _c1090994
_d1090994